Англо-русский словарь-справочник по ракетно-космической технике (с иллюстрациями)

Bibliografiske detaljer
Sprog:russisk
engelsk
Udgivet: Москва, Новая планета, 1998
Fag:
Format: MixedMaterials Bog
KOHA link:https://koha.lib.tpu.ru/cgi-bin/koha/opac-detail.pl?biblionumber=22775

MARC

LEADER 00000nam0a2200000 4500
001 22775
005 20231101205516.0
010 |a 5893380037 
035 |a (RuTPU)RU\TPU\book\22989 
035 |a BOOK00000753 
090 |a 22775 
100 |a 20011209d1998 k y0rusy50 ca 
101 0 |a rus  |a eng 
102 |a RU 
105 |a a eg 000zy 
200 1 |a Англо-русский словарь-справочник по ракетно-космической технике (с иллюстрациями) 
210 |a Москва  |c Новая планета  |d 1998 
215 |a 288 с.  |c ил. 
606 |a Английский язык  |x Терминологические словари  |2 stltpush  |3 (RuTPU)RU\TPU\subj\29063  |9 52475 
606 |a Ракетная техника  |2 stltpush  |3 (RuTPU)RU\TPU\subj\23673  |9 48221 
610 1 |a словари 
610 1 |a терминологические словари 
610 1 |a космическая техника 
675 |a 629.76(038)  |v 3 
686 |a Ш143.21-43  |v LBC/SL-A  |2 rubbk 
801 0 |a RU  |b 63413507  |c 20011209  |g PSBO 
801 2 |a RU  |b 63413507  |c 20171003  |g PSBO 
942 |c BK